| 000 | 00393nam a22001337a 4500 | ||
|---|---|---|---|
| 005 | 20260313150515.0 | ||
| 008 | 260313b |||||||| |||| 00| 0 eng d | ||
| 040 | _cFLL | ||
| 041 |
_2eng _aeng |
||
| 100 |
_aSoni, Karan _91132037 |
||
| 245 | _aFreedom of Speech and its Impact on Social Media Regulations in the Present-Day Scenario | ||
| 260 |
_aDU _bFaculty of Law _c2024 |
||
| 942 |
_2CC _cDIS |
||
| 999 |
_c1715389 _d1715389 |
||